000 00460nam a22001817a 4500
005 20230117122842.0
008 200317b xxu||||| |||| 00| 0 eng d
020 _a9788123905143
041 _aeng
082 _a615.190 18
100 _aBECKETT, A.H
245 _aPRACTICAL PHARMACEUTICAL CHEMISTRY (vol- 2)
250 _a4th, 1997
260 _aNEW DELHI
_bCBS
_c2007
300 _a602;XII.
650 _aPHARMACY
_xB.PHARMA & D.PHARMA
_97472
942 _cBK
999 _c6128
_d6126